[Event "7th Altibox Norway Chess Blitz 2019"]
[Site "Stavanger"]
[Date "2019.06.03"]
[Round "1.1"]
[White "Aronian, Levon"]
[Black "Carlsen, Magnus"]
[Result "1-0"]
[WhiteElo "2827"]
[BlackElo "2923"]
[Annotator "ChessBase"]
[PlyCount "73"]
[EventDate "2019.06.03"]
[EventType "tourn"]
[EventCountry "NOR"]
[SourceTitle "playchess.com"]
[Source "ChessBase"]
[SourceQuality "1"]
[TimeControl "180+2"]

1. d4 {[%emt 0:00:00]} g6 {[%emt 0:00:01]} 2. e4 {[%emt 0:00:09]} d6 {[%emt 0:00:01]} 3. Nf3 {[%emt 0:00:02]} Nf6 {[%emt 0:00:02]} 4. Bd3 {[%emt 0:00:02]} Bg7 {[%emt 0:00:10]} 5. O-O {[%emt 0:00:02]} O-O {[%emt 0:00:00]} 6. c3 {[%emt 0:00:02]} Nc6 {[%emt 0:00:08]} 7. Re1 {[%emt 0:00:00]} e5 {[%emt 0:00:09]} 8. h3 {[%emt 0:00:01]} Re8 {[%emt 0:00:21]} 9. d5 {[%emt 0:00:12]} Nb8 {[%emt 0:00:11]} 10. c4 {[%emt 0:00:11]} a5 {[%emt 0:00:02]} 11. Nc3 {[%emt 0:00:02]} Na6 {[%emt 0:00:00]} 12. a3 {[%emt 0:00:09]} Bd7 {[%emt 0:00:02]} 13. Rb1 {[%emt 0:00:02]} Nc5 {[%emt 0:00:25]} 14. Bc2 {[%emt 0:00:02]} a4 {[%emt 0:01:06]} 15. Be3 {[%emt 0:00:02]} Nb3 {[%emt 0:00:01]} 16. Bxb3 {[%emt 0:00:37]} axb3 {[%emt 0:00:01]} 17. c5 {[%emt 0:00:01]} c6 {[%emt 0:00:04]} 18. Qxb3 {[%emt 0:00:13]} cxd5 {[%emt 0:00:05]} 19. exd5 {[%emt 0:00:06]} dxc5 {[%emt 0:00:19]} 20. Bxc5 {[%emt 0:00:04]} Bf5 {[%emt 0:00:02]} 21. Rbd1 {[%emt 0:00:08]} Nd7 {[%emt 0:00:02]} 22. Be3 {[%emt 0:00:15]} e4 {[%emt 0:00:01]} 23. Nd4 {[%emt 0:00:34]} Nc5 {[%emt 0:00:01]} 24. Qc2 {[%emt 0:00:23]} Nd3 {[%emt 0:00:02]} 25. Rf1 {[%emt 0:00:00]} Rc8 {[%emt 0:00:04]} 26. Qd2 {[%emt 0:00:05]} h5 {[%emt 0:00:06]} 27. f3 {[%emt 0:00:11]} Ne5 {[%emt 0:00:13]} 28. Nxf5 {[%emt 0:00:07]} Nc4 {[%emt 0:00:03]} 29. Qf2 {[%emt 0:00:06]} gxf5 {[%emt 0:00:10]} 30. fxe4 {[%emt 0:00:01]} Nxb2 {[%emt 0:00:00]} 31. Qxb2 {[%emt 0:00:04]} Bxc3 {[%emt 0:00:00]} 32. Qf2 {[%emt 0:00:05]} Rxe4 {[%emt 0:00:00]} 33. Qxf5 {[%emt 0:00:04]} Rxe3 {[%emt 0:00:00]} 34. Qxf7+ {[%emt 0:00:00]} Kh8 {[%emt 0:00:00]} 35. Qxh5+ {[%emt 0:00:02]} Kg8 {[%emt 0:00:01]} 36. Qf7+ {[%emt 0:00:03]} Kh8 {[%emt 0:00:01]} 37. Rf5 {[%emt 0:00:02]} 1-0

[Event "7th Altibox Norway Chess Blitz 2019"]
[Site "Stavanger"]
[Date "2019.06.03"]
[Round "1.2"]
[White "Caruana, Fabiano"]
[Black "Mamedyarov, Shakhriyar"]
[Result "0-1"]
[WhiteElo "2804"]
[BlackElo "2757"]
[Annotator "TA"]
[PlyCount "76"]
[EventDate "2019.06.03"]
[EventType "tourn"]
[EventCountry "NOR"]
[SourceTitle "playchess.com"]
[Source "ChessBase"]
[SourceQuality "1"]

{[%evp 11,76,13,10,14,13,0,22,9,22,10,30,29,29,43,31,25,33,31,25,1,147,160,260,249,255,215,225,225,247,93,104,90,97,53,49,54,53,0,0,0,0,-3,70,-9,132,129,542,553,546,547,543,-305,-323,-400,-366,-913,-900,-834,-806,-5193,-870,-29998,-29999,-29999,-29967,-29984,-1008]} 1. e4 c6 2. d4 d5 3. exd5 cxd5 4. Bd3 Nf6 5. c3 Nc6 6. h3 g6 7. Nf3 {B13: Caro-Kann: Exchange Variation and Panov-Botvinnik Attack} Bf5 8. Be2 Bg7 9. O-O {The position is equal.} O-O 10. Bf4 Ne4 11. Nbd2 {[%cal Bb1d2,Bd2f1,Bf1e3][%mdl 32]} Qd7 (11... Re8 12. Re1 h6 13. Bf1 g5 14. Bh2 Qd7 15. Nxe4 Bxe4 {1-0 (35) Caruana,F (2828)-Shankland,S (2725) chess.com INT 2019}) 12. Re1 Rad8 13. Nf1 {[#]} f6 $146 ({Predecessor:} 13... Rfe8) 14. Ne3 e5 15. Bh2 Bxh3 (15... Be6 $1 $11 {remains equal.}) 16. gxh3 $16 Qxh3 (16... exd4 $16 17. Nxd4 (17. cxd4 Qxh3 18. Bf1 Qe6 $16) 17... Qxh3 18. Nxc6 bxc6) 17. Bf1 $18 Qh5 18. Bg2 Kh8 19. Qe2 g5 {intending ...g4.} 20. Rad1 $2 (20. Nd2 $18 {has better winning chances.} Qxe2 21. Rxe2) 20... g4 $16 21. Nd2 exd4 22. cxd4 ({Stronger than} 22. Nxg4 f5 $17) 22... f5 $1 23. Nxe4 dxe4 24. d5 ({White should play} 24. Nc2 $1 $14) 24... Ne5 $1 $11 {[%cal Re5f3]} 25. Bxe5 $1 Bxe5 26. d6 Qh2+ 27. Kf1 h5 (27... f4 $1 $11 28. Nxg4 Qxg2+ {[%mdl 64] Remove Defender, Decoy} 29. Kxg2 f3+ {[%mdl 64] Double Attack} 30. Kf1 fxe2+ 31. Rxe2 Rxd6 32. Rxd6 Bxd6) 28. Qb5 $16 Bg7 $2 {[%mdl 8192]} (28... a6 $16 {is more resistant.} 29. Qd5 (29. Qxb7 f4 $16) 29... h4) 29. Nxf5 $18 g3 {Strongly threatening ...gxf2.} 30. Rxe4 gxf2 {[#]} 31. Kxf2 $4 {[%mdl 8192]} (31. Ne3 $1 $18 {was the only winning move.}) 31... a6 $19 32. Qd5 {[#]} Rxd6 $3 {[%mdl 576] aiming for ...Rg6. Deflection} 33. Qxd6 $2 (33. Re8 Rxd5 {[%mdl 64] Pin} 34. Rxf8+ Bxf8 35. Rxd5) 33... Rxf5+ 34. Ke3 Qxg2 {[%csl Gg2][%cal Rf5f3]} 35. Kd3 Qxb2 (35... Qf3+ $142 36. Kc2 Qxe4+ 37. Qd3 Qe5) 36. Re2 Qc3+ {Black mates.} 37. Ke4 Re5+ 38. Kf4 Rxe2 {Accuracy: White = 50%, Black = 48%.} (38... Qc4+ $142 39. Qd4 Qxe2 40. Qd8+ Re8 41. Qxe8+ Qxe8 42. Kf3 Qc6+ 43. Ke2 Qg2+ 44. Kd3 Qf3+ {[%mdl 64] Double Attack} 45. Kd2 Bd4 46. Rb1 Qc3+ 47. Kd1 Qd3+ 48. Ke1 Qxb1+ 49. Kd2 Qg1 50. Kd3 Qe3+ 51. Kc2 Qe2+ 52. Kb3 Qd3+ 53. Kb4 Qb5+ 54. Ka3 Bc5#) 0-1

[Event "7th Altibox Norway Chess Blitz 2019"]
[Site "Stavanger"]
[Date "2019.06.03"]
[Round "1.3"]
[White "Ding, Liren"]
[Black "Yu, Yangyi"]
[Result "0-1"]
[WhiteElo "2773"]
[BlackElo "2705"]
[Annotator "TA"]
[PlyCount "96"]
[EventDate "2019.06.03"]
[EventType "tourn"]
[EventCountry "NOR"]
[SourceTitle "playchess.com"]
[Source "ChessBase"]
[SourceQuality "1"]

{[%evp 20,96,16,7,28,16,20,25,16,29,29,16,47,47,64,26,89,56,54,60,67,57,66,36,36,36,44,36,36,36,36,13,31,25,22,-116,-104,-132,-127,-132,-131,-116,-108,-109,-107,-110,-108,-152,-152,-147,-150,-146,-64,-214,-219,-254,-254,-395,-383,-359,-297,-371,-357,-397,-382,-568,-566,-551,-579,-1286,-1247,-1750,-1848,-2791,-2151,-29980,-29981,-29978,-29979]} 1. d4 Nf6 2. c4 e6 3. g3 d5 4. Bg2 Be7 5. Nf3 O-O 6. O-O dxc4 7. Qc2 a6 8. a4 Bd7 9. Qxc4 Bc6 10. Bg5 Nbd7 11. Nc3 a5 {E05: Open Catalan: 5 Nf3 Be7} (11... h6 12. Bxf6 Nxf6 13. b4 Qd6 14. b5 axb5 15. axb5 Bd5 16. Nxd5 Nxd5 17. e3 Qb4 18. Qxb4 Bxb4 19. Ne5 Bd6 20. Nc4 Bb4 21. Rfc1 {½-½ (33) Sargissian,G (2689)-Wang,H (2714) chess.com INT 2019}) 12. Rfe1 Bd5 13. Qd3 Bxf3 {White has an edge.} 14. Qxf3 $146 ({Predecessor:} 14. Bxf3 c6 15. Rad1 h6 16. Bc1 Qb6 17. Qb1 Nd5 18. Qa2 Bb4 19. Bd2 Qxd4 20. Nxd5 cxd5 21. Bxh6 {1-0 (42) Shtyrenkov,V (2460)-Cioara,A (2390) Pardubice 1998}) 14... c6 15. e4 h6 16. Be3 Bb4 17. Red1 Qe7 (17... e5 $11) 18. e5 Nd5 19. Nxd5 exd5 20. Qg4 f5 21. Qg6 Qf7 22. Qxf7+ Kxf7 23. h4 h5 24. Bh3 g6 25. f3 Rh8 26. Bg5 Nf8 27. g4 (27. Bf1 $11) 27... hxg4 $17 28. fxg4 {[#]} Be7 $1 {[%cal Re7g5]} 29. Bxe7 Kxe7 30. gxf5 gxf5 31. Bxf5 Rxh4 32. Ra3 Ne6 33. Bxe6 Kxe6 {[%mdl 4096] Endgame KRR-KRR} 34. Rg3 Rah8 {[#] And now ...Rh1+ would win.} 35. Rd2 c5 (35... R8h6 $17 36. b3 Rf4) 36. Rg6+ (36. dxc5 $15 d4 37. Kf1) 36... Kf5 $19 37. Rf6+ Ke4 {Threatens to win with ...Rh1+.} 38. Re2+ (38. Kf2 $142 Rh2+ 39. Ke1 Rh1+ 40. Rf1) 38... Kd3 39. Rg2 Kxd4 40. e6 Re4 41. Rf7 Re1+ 42. Kf2 (42. Rf1 $142 Rxe6 43. Rf4+ Ke3 44. Rf5) 42... Rxe6 43. Rg4+ Re4 44. Rxe4+ Kxe4 45. Rxb7 d4 46. Rb5 c4 47. Rxa5 Rh2+ 48. Ke1 Rxb2 {Accuracy: White = 27%, Black = 64%.} 0-1

[Event "7th Altibox Norway Chess Blitz 2019"]
[Site "Stavanger"]
[Date "2019.06.03"]
[Round "1.5"]
[White "Grischuk, Alexander"]
[Black "Anand, Viswanathan"]
[Result "1/2-1/2"]
[WhiteElo "2750"]
[BlackElo "2747"]
[Annotator "TA"]
[PlyCount "41"]
[EventDate "2019.06.03"]
[EventType "tourn"]
[EventCountry "NOR"]
[SourceTitle "playchess.com"]
[Source "ChessBase"]
[SourceQuality "1"]

{[%evp 12,41,23,35,36,27,26,14,21,17,28,22,26,5,16,14,17,19,10,9,22,10,7,0,21,2,0,0,25,20,37,19]} 1. e4 c6 2. d4 d5 3. Nc3 dxe4 4. Nxe4 Bf5 5. Ng3 Bg6 6. Nf3 Nf6 7. h4 Nh5 {B18: Classical Caro-Kann: 4...Bf5 sidelines} (7... h6 8. h5 Bh7 9. Bd3 Bxd3 10. Qxd3 e6 11. Bd2 c5 12. O-O-O Nc6 13. Bc3 Qd5 14. Kb1 Be7 15. Qe2 O-O 16. dxc5 Qxc5 17. Bxf6 Bxf6 18. Ne4 Qe7 19. g4 Rfd8 20. c3 {1-0 (47) Andreikin,D (2713)-Dreev,A (2668) Khanty-Mansiysk 2013}) 8. Nxh5 (8. Ne2 {is interesting.} Bf5 9. c4 e6 10. Nc3 Nf6 11. Bd3) 8... Bxh5 9. c3 Nd7 {The position is equal.} 10. Be2 e6 11. Bf4 Be7 12. Ng5 $146 ({Predecessor:} 12. Qd2 Bxf3 13. Bxf3 Bxh4 14. Qc2 Bg5 15. Bxg5 Qxg5 {½-½ (31) Rushbrooke,R (1909)-Brown,T (2063) Llandudno 2017}) 12... Bxe2 13. Qxe2 h6 14. Nf3 Qa5 15. a3 Qf5 16. g3 Nf6 17. O-O-O Qe4 18. Rde1 Qxe2 19. Rxe2 h5 20. Bg5 Ng4 21. Bxe7 {Accuracy: White = 53%, Black = 41%.} 1/2-1/2

[Event "7th Altibox Norway Chess Blitz 2019"]
[Site "Stavanger"]
[Date "2019.06.03"]
[Round "2.2"]
[White "Anand, Viswanathan"]
[Black "Yu, Yangyi"]
[Result "0-1"]
[WhiteElo "2747"]
[BlackElo "2705"]
[Annotator "TA"]
[PlyCount "84"]
[EventDate "2019.06.03"]
[EventType "tourn"]
[EventCountry "NOR"]
[SourceTitle "playchess.com"]
[Source "ChessBase"]
[SourceQuality "1"]

{[%evp 22,84,26,8,10,29,43,42,36,9,31,21,17,14,22,23,22,14,14,18,14,10,10,-77,-70,-67,-67,-87,-70,-93,-95,-97,-54,-64,-51,-382,-376,-381,-354,-314,-229,-227,-213,-285,-277,-295,-276,-346,-361,-357,-351,-374,-377,-333,-118,-436,-373,-398,-401,-400,-397,-375,-353,-436,-436]} 1. Nf3 d5 2. e3 c5 3. d4 Nf6 4. Nbd2 e6 5. b3 cxd4 6. exd4 Nc6 7. Bb2 Be7 8. Bd3 O-O 9. a3 b6 10. O-O Bb7 11. Qe2 Rc8 12. Ne5 Nxe5 {D05: Colle System with ...e6} 13. dxe5 Nd7 14. b4 $1 a5 {White is slightly better.} 15. Qg4 Qc7 (15... Re8 16. Nf3 f5 17. exf6 Bxf6 18. Bxf6 Qxf6 19. Rae1 Re7 20. h4 {0-1 (64) Giorgadze,G (2610)-Ubilava,E (2540) Torrelavega 2007}) 16. Rfe1 $146 ({Predecessor:} 16. Rae1 axb4 17. axb4 Rfd8 18. Re3 Nf8 19. Rg3 g6 20. Nb3 {1-0 (31) Kotlerman,S-Khalilbeili,S Tbilisi 1951}) 16... axb4 17. axb4 Ra8 18. Nf3 Rxa1 19. Rxa1 Ra8 20. Rxa8+ Bxa8 21. h4 h6 22. Qg3 (22. Qd4 $11) 22... Bxb4 $17 23. Bc1 {Bxh6 would now be nice for White.} Kf8 24. Qf4 Bc3 25. Ba3+ Kg8 {[%cal Rd7e5]} 26. Bd6 Qa7 27. h5 {Qh4 is the strong threat.} Nc5 28. Qe3 $2 {[%mdl 8192] [#]} (28. Bb5 $1 $15) 28... d4 $1 $19 {[%mdl 512]} 29. Qe2 (29. Nxd4 Qa1+) 29... Nxd3 30. Qxd3 Bd5 31. Kh2 Qa4 32. Nd2 Qc6 33. f3 b5 34. Nb1 Bc4 35. Qd1 Bb2 36. Nd2 Bd5 37. Nf1 {[#]} b4 $1 {[%mdl 512]} 38. Ng3 $2 {[%mdl 8192]} (38. Bxb4 $17 {nothing else works.} Qc4 39. Be7) 38... Qc4 {Strongly threatening ...d3!} 39. Ne2 b3 40. cxb3 Qxb3 41. Qxb3 Bxb3 42. Nf4 Bc4 {Accuracy: White = 34%, Black = 70%.} 0-1

[Event "7th Altibox Norway Chess Blitz 2019"]
[Site "Stavanger"]
[Date "2019.06.03"]
[Round "2.3"]
[White "So, Wesley"]
[Black "Aronian, Levon"]
[Result "0-1"]
[WhiteElo "2759"]
[BlackElo "2827"]
[Annotator "TA"]
[PlyCount "54"]
[EventDate "2019.06.03"]
[EventType "tourn"]
[EventCountry "NOR"]
[SourceTitle "playchess.com"]
[Source "ChessBase"]
[SourceQuality "1"]

{[%evp 13,54,10,14,16,30,10,41,25,30,0,8,0,0,-9,-8,-24,-16,-26,16,0,0,11,0,0,0,-16,0,0,-13,-18,-4,-25,-34,-34,-12,-37,0,-227,-222,-422,-421,-694,-673]} 1. e4 e5 2. Nf3 Nc6 3. Bc4 Bc5 4. c3 Nf6 5. d3 a6 6. O-O d6 7. a4 O-O 8. Re1 {C54: Giuoco Piano: 4 c3 Nf6, main lines with 5 d4 and 5 d3} Ba7 9. h3 Kh8 10. Bb3 $146 {White is slightly better.} ({Predecessor:} 10. b4 Ng8 11. Bg5 Qe8 12. Nbd2 f5 13. exf5 Bxf5 14. Be3 Bxe3 {½-½ (14) Karjakin,S (2753)-Sargissian,G (2689) St Petersburg 2018}) 10... Nh5 11. d4 (11. Ng5 $5 {[%cal Rd1h5]} g6 12. Qf3 $14 (12. Nxf7+ Rxf7 13. Bxf7 Qf6 $11)) 11... f5 12. Ng5 Nf6 {[%cal Re5d4]} 13. exf5 Bxf5 {[%cal Re5d4]} 14. Nf7+ {[#]} Rxf7 $1 {[%mdl 512]} 15. Bxf7 Qd7 16. Bb3 exd4 17. cxd4 Bxd4 18. Be3 Bxb2 19. Ra2 Be5 20. f4 Bxb1 21. Qxb1 Bc3 $1 {[%cal Rc3e1]} 22. Rd1 (22. Bd2 $5 {[%cal Rd2c3]} Bd4+ 23. Kh1 $11) 22... Re8 $36 {[%mdl 2048] Black has the initiative.} 23. Qd3 Ba5 {And now ...Rxe3! would win.} 24. Re2 Qe7 (24... Nb4 $5 {[%cal Rb4d3]} 25. Qd2 Qe7 $15) 25. Bc4 $2 {[#]} (25. Qf5 $11 {and White stays safe.}) 25... d5 $1 $19 {[%mdl 512]} 26. Bb3 $2 {[#]} (26. Bxd5 {keeps fighting.} Nb4 {[%mdl 64] Double Attack} 27. Qf5 Nfxd5 28. Rxd5 Nxd5 29. Qxd5) 26... d4 $1 {[%mdl 512]} 27. Qf5 (27. Bxd4 $142 Qxe2 28. Bxf6 Qxd3 {[#]} 29. Bxg7+ $1 {[%mdl 512]} Kxg7 30. Rxd3) 27... dxe3 {Accuracy: White = 29%, Black = 54%.} 0-1

[Event "7th Altibox Norway Chess Blitz 2019"]
[Site "Stavanger"]
[Date "2019.06.03"]
[Round "2.4"]
[White "Grischuk, Alexander"]
[Black "Caruana, Fabiano"]
[Result "1-0"]
[WhiteElo "2750"]
[BlackElo "2804"]
[Annotator "TA"]
[PlyCount "95"]
[EventDate "2019.06.03"]
[EventType "tourn"]
[EventCountry "NOR"]
[SourceTitle "playchess.com"]
[Source "ChessBase"]
[SourceQuality "1"]

{[%evp 12,94,-13,-29,-22,-23,0,-10,-20,-25,-12,-45,-41,-36,-37,-33,11,22,22,11,18,20,22,8,33,0,48,51,46,43,57,46,66,66,58,47,46,45,119,45,121,59,126,104,164,162,160,84,102,85,124,118,96,50,124,108,136,131,122,109,358,355,340,348,391,393,689,679,872,707,950,949,873,846,1866,687,1888,570,1733,1722,2477,2259,2397,2366,29999]} 1. Nf3 d5 2. d3 Nf6 3. g3 c5 4. Bg2 Nc6 5. O-O e5 6. e4 d4 7. a4 Bd6 {A08: King's Indian Attack} (7... Be7 8. Na3 O-O 9. Nc4 Nd7 10. Nfd2 Nb6 11. f4 exf4 12. gxf4 f5 13. Ne5 Nxe5 14. fxe5 f4 15. a5 {1-0 (33) Ding,L (2791)-Karjakin,S (2782) Stavanger 2018}) 8. Na3 Be6 9. Ng5 $146 ({Predecessor:} 9. Nd2 O-O 10. Ndc4 Na5 11. Nxd6 Qxd6 12. f4 Nc6 13. f5 Bd7 14. g4 Ne8 15. g5 {1-0 (67) Hagesaether,E (2166)-Hoel,H Oslo 2003}) 9... Bg4 {The position is equal.} 10. f3 Bh5 11. h4 h6 12. Nh3 Nd7 13. Nf2 g5 14. hxg5 hxg5 15. Bh3 Qe7 16. Kg2 O-O-O 17. Bd2 Kb8 18. Qe2 Nf8 19. Rh1 $36 {[%mdl 2048] aiming for Bg4. White is pushing.} Ne6 20. Bg4 Bg6 21. Bf5 Rdg8 22. Rxh8 Rxh8 23. Rh1 Rxh1 24. Kxh1 Bc7 (24... Nf8 $14) 25. Nc4 (25. Bxg6 $16 {Black must now prevent Bf5.} fxg6 26. Nc4) 25... a6 (25... Bh5 $14) 26. Kg2 (26. Bxg6 $16 {Bh7 is the strong threat.} fxg6 27. a5) 26... Ka7 (26... Nf8 $14) 27. Qe1 b5 (27... Nf8 $16 {might work better.}) 28. axb5 $1 $18 axb5 29. Na3 (29. Qa1+ $142 Kb7 30. Na3) 29... Kb6 $16 30. Qh1 Bxf5 31. exf5 Ng7 32. Qh7 f6 ({Black should play} 32... Ne8 $1 $14) 33. Ne4 Ne8 34. Qg8 $1 Nd6 {[#]} 35. Qb3 $1 {And now Nxd6 would win.} Na7 $2 {[#]} (35... b4 $16) 36. Nc4+ $1 $18 Nxc4 37. dxc4 b4 38. c3 Nc6 $2 (38... Bd6 39. g4 Nc6 40. cxb4 cxb4) 39. cxb4 cxb4 40. c5+ Kb5 41. Qd3+ Ka5 42. Qc4 Qd7 43. g4 (43. Nxf6 $142 Qc8 44. Nd5) 43... Qd8 44. Qe6 (44. Qa2+ $142 Kb5 45. b3) 44... Na7 45. Nxf6 e4 46. Nxe4 Qh8 47. Nd6 {[%cal Re6a2]} Nc6 48. Qa2# {Accuracy: White = 56%, Black = 22%.} 1-0

[Event "7th Altibox Norway Chess Blitz 2019"]
[Site "Stavanger"]
[Date "2019.06.03"]
[Round "3.1"]
[White "Yu, Yangyi"]
[Black "Carlsen, Magnus"]
[Result "0-1"]
[WhiteElo "2705"]
[BlackElo "2923"]
[Annotator "RC"]
[PlyCount "86"]
[EventDate "2019.06.03"]
[EventType "tourn"]
[EventCountry "NOR"]
[SourceTitle "playchess.com"]
[Source "ChessBase"]
[SourceQuality "1"]
[TimeControl "180+2"]

1. d4 {[%emt 0:00:00]} Nf6 {[%emt 0:00:00]} 2. c4 {[%emt 0:00:01]} c5 {[%emt 0:00:01]} 3. d5 {[%emt 0:00:11]} g6 {[%emt 0:00:02]} 4. Nc3 {[%emt 0:00:03]} Bg7 {[%emt 0:00:01]} 5. e4 {[%emt 0:00:03]} d6 {[%emt 0:00:02]} 6. Bd3 {[%emt 0:00:11]} O-O {[%emt 0:00:04]} 7. Nf3 {[%emt 0:00:07]} e5 {[%emt 0:00:09]} 8. O-O {[%emt 0:00:10]} Nh5 {[%emt 0:00:10]} 9. Ne1 {[%emt 0:00:14]} Nd7 {[%emt 0:00:04]} 10. Bc2 {[%emt 0:00:05]} Nf4 {[%emt 0:00:14]} 11. Nd3 {[%emt 0:00:06]} Nxd3 {[%emt 0:00:03]} 12. Qxd3 {[%emt 0:00:15]} f5 {[%emt 0:00:11]} 13. exf5 {[%emt 0:00:19]} gxf5 {[%emt 0:00:02]} 14. f4 {[%emt 0:00:07]} e4 {[%emt 0:00:02]} 15. Qe2 {[%emt 0:00:09]} Nf6 {[%emt 0:00:09]} 16. Nd1 {[%emt 0:00:03]} b5 {[%emt 0:00:03]} 17. cxb5 {[%emt 0:00:11]} a6 {[%emt 0:00:03]} 18. b6 {[%emt 0:00:20]} Ng4 {[%emt 0:00:18]} 19. Ne3 {[%emt 0:00:11]} Bd4 {[%emt 0:00:21]} 20. h3 {[%emt 0:00:10]} Nf6 {[%emt 0:00:01]} 21. Kh1 {[%emt 0:00:03]} Rb8 {[%emt 0:00:07]} 22. Rb1 {[%emt 0:00:07]} Rxb6 {[%emt 0:00:01]} 23. Bd2 {[%emt 0:00:03]} Rb7 {[%emt 0:00:19]} 24. Bc3 {[%emt 0:00:06]} Qe8 {[%emt 0:00:11]} 25. Rbd1 {[%emt 0:00:05]} Nh5 {[%emt 0:00:03]} 26. Qe1 {[%emt 0:00:07]} Qg6 {[%emt 0:00:04]} 27. Kh2 {[%emt 0:00:08]} Qf6 {[%emt 0:00:13]} 28. Qd2 {[%emt 0:00:10]} Qh4 {[%emt 0:00:04]} 29. Qe1 {[%emt 0:00:04]} Qf6 {[%emt 0:00:11]} 30. Qd2 {[%emt 0:00:00]} Rg7 {[%emt 0:00:01]} 31. Bxd4 {[%emt 0:00:11]} cxd4 {[%emt 0:00:01]} 32. Qxd4 {[%emt 0:00:00]} Qh4 {[%emt 0:00:01]} 33. Qd2 {[%emt 0:00:01]} Qg3+ {[%emt 0:00:04]} 34. Kh1 {[%emt 0:00:01]} Nxf4 {[%emt 0:00:01]} 35. Qf2 {[%emt 0:00:01]} Nh5 {[%emt 0:00:02]} 36. Rde1 {[%emt 0:00:04]} f4 {[%emt 0:00:04]} 37. Nc4 {[%emt 0:00:03]} e3 {[%emt 0:00:04]} 38. Nxe3 {[%emt 0:00:02]} Bxh3 {[%emt 0:00:09]} 39. Qxg3 {[%emt 0:00:02]} Nxg3+ {[%emt 0:00:01]} 40. Kh2 Nxf1+ {[%emt 0:00:02]} 41. Nxf1 {[%emt 0:00:03]} Bxg2 {[%emt 0:00:02]} 42. Nd2 {[%emt 0:00:03]} f3 {[%emt 0:00:07]} 43. Rg1 Rf6 {[%emt 0:00:01]} 0-1

[Event "7th Altibox Norway Chess Blitz 2019"]
[Site "Stavanger"]
[Date "2019.06.03"]
[Round "3.3"]
[White "Caruana, Fabiano"]
[Black "Anand, Viswanathan"]
[Result "1-0"]
[WhiteElo "2804"]
[BlackElo "2747"]
[Annotator "TA"]
[PlyCount "79"]
[EventDate "2019.06.03"]
[EventType "tourn"]
[EventCountry "NOR"]
[SourceTitle "playchess.com"]
[Source "ChessBase"]
[SourceQuality "1"]

{[%evp 9,79,0,-5,-2,0,-10,0,0,0,-2,0,-1,0,0,15,0,0,0,-3,-15,30,19,18,17,6,0,6,-8,0,-43,-43,-44,-19,-56,-58,-52,-50,-199,-137,-163,-160,-116,-75,-43,-79,-152,-46,-84,-86,-64,-48,-47,-74,-90,-88,-95,-29,-383,-383,-395,-206,-458,-52,-286,0,-473,0,0,0,-127,-128,-126]} 1. c4 e5 2. d3 Nf6 3. Nf3 Nc6 4. a3 g6 5. Nc3 Bg7 6. g3 {A20: English Opening: 1...e5} d6 (6... O-O 7. Bg2 d6 8. O-O Nd4 9. Ne1 c6 10. b4 Re8 11. e3 Ne6 12. Bb2 h5 13. Nf3 Bd7 14. Rc1 Rc8 15. c5 Nf8 16. cxd6 Bg4 {½-½ (81) Caruana,F (2822)-Aronian,L (2767) Saint Louis 2018}) 7. Bg2 Nd4 8. Nd2 {The position is equal.} O-O 9. O-O c6 10. b4 d5 11. Bb2 Be6 12. Rc1 $146 ({Predecessor:} 12. e3 Nf5 13. cxd5 cxd5 14. Na4 Nd7 15. Nb3 b6 16. Nc3 Ne7 {1-0 (49) Bachmann,A (2555)-Farago,I (2489) Bad Wiessee 2008}) 12... a5 13. b5 cxb5 14. cxb5 h5 15. e3 Nf5 16. Na4 Nd7 17. Nb3 b6 18. Nd2 Rc8 19. Qe2 Nd6 20. d4 exd4 21. Bxd4 Bxd4 22. exd4 Re8 23. Rc6 (23. Rxc8 $15 Qxc8 24. Qd3) 23... Bg4 (23... Bf5 $19 24. Qd1 Nxb5 {[%mdl 64] Double Attack} 25. Rxc8 Qxc8 26. Bxd5 Nf6) 24. Qd3 $17 Be2 25. Qb3 Nxb5 26. Rxc8 Qxc8 27. Re1 (27. Bxd5 $142 Re7 28. Qb1) 27... Nxd4 (27... Re6 $1 $17 28. Ra1 Nxd4) 28. Qxd5 Nf5 $1 29. Ne4 Bc4 30. Qd2 {Hoping for Nxb6!} Re6 31. Rc1 b5 32. Nb2 Ne5 ({Black should play} 32... Nc5 $1 $17 {[%cal Rc5e4]} 33. Nxc5 Qxc5 34. Nxc4 bxc4) 33. Qxa5 $2 {[%mdl 8192]} (33. a4 $11 {and White has nothing to worry.} Qf8 34. axb5 Bxb5 35. Rc5) 33... Nd4 $19 34. Rd1 Nef3+ (34... Ra6 $142 35. Qb4 Nef3+ 36. Kh1 Be2 37. Rxd4 Nxd4 38. Qxd4 Qc1+ 39. Nd1 Qxd1+ 40. Qxd1 Bxd1) 35. Kh1 $2 (35. Bxf3 Nxf3+ 36. Kg2) 35... Rxe4 $2 (35... Be2 $19 36. Rxd4 Nxd4) 36. Bxf3 $2 {[#]} (36. Nxc4 $15 Re1+ 37. Rxe1 Nxe1 38. Nd2) 36... Qe8 $2 (36... Bd5 $1 $19 {( -> ...Qh3!)} 37. Bg2 {[#]} Qf5 $1 {[%mdl 512]}) 37. Kg2 $2 {[%mdl 8192]} (37. Nxc4 $11 {and White is okay.} bxc4 38. Bxe4 Qxe4+ 39. Kg1 Nf3+ 40. Kf1 Nxh2+ 41. Kg1 Nf3+ 42. Kf1) 37... h4 $2 ({Better is} 37... Nxf3 $19 38. Nxc4 Qc6) 38. Nxc4 $11 bxc4 ({Don't play} 38... h3+ $6 39. Kxh3 Qe6+ 40. Kg2 $16) 39. gxh4 (39. Bxe4 $11 {keeps the balance.} Qxe4+ 40. Kh3 Qe6+ 41. g4) 39... Rxh4 $17 {Threatens to win with ...Qd7.} ({Don't blunder} 39... Nxf3 $2 40. Rd8 $18) 40. Qd5 {[%mdl 32768] Accuracy: White = 31%, Black = 39%. . Loss on time!?} 1-0